Представление документа в формате MARC21

ПолеНазваниеЗначение
  Тип записи a
  Библиографический уровень m
001 Контрольный номер RU/URAIT/561288
005 Дата корректировки 20260429163710.4
008 Кодируемые данные 260429s2025 RU y f j 000 0 rus u
020 Индекс ISBN __
a ISBN 978-5-534-01155-5
c Цена, тираж 509.00
040 Источник каталогиз. __
a Служба первич. каталог. ИКО Юрайт
c Служба, преобразующая запись ИКО Юрайт
e Правила каталог. RCR
041 Код языка издания __
a Код языка текста rus
044 Код страны публикации __
a Код страны публикации RU
080 Индекс УДК __
a Индекс УДК 621.753.1(075.8)
084 Индекс другой классификации/Индекс ББК __
2 Источник индекса rubbk
a Индекс другой классификации/Индекс ББК 34.44я73
100 Автор __
a Автор Скворцов В. Ф.
q Полное имя Скворцов Владимир Федорович
245 Заглавие __
a Заглавие Технология конструкционных материалов. Основы размерного анализа
b Продолж. заглавия учебник для вузов
c Ответственность В. Ф. Скворцов.
256 Характеристики компьютерного файла __
a Характеристики компьютерного файла Электрон. дан.
260 Выходные данные __
a Место издания Москва
b Издательство Юрайт
c Дата издания 2025
300 Физическое описание __
a Объем 79 с
440 Серия __
a Серия Высшее образование
500 Примечания __
a Примечание URL: https://urait.ru/bcode/561288 (дата обращения: 29.04.2026).
520 Аннотация __
a Аннотация В учебном пособии представлены основные методы анализа динамической и статической устойчивости энергосистем, рассмотрены соответствующие описательные примеры, представлена методика расчета и примеры работы с нормативными документами (ГОСТами), даны контрольные вопросы и задачи.
538 Прим. о системных особенностях __
a Прим. о системных особенностях Режим доступа: Электронно-библиотечная система Юрайт, для авториз. пользователей
653 Ключевые слова __
a Ключевые слова Метрология, стандартизация и сертификация
653 Ключевые слова __
a Ключевые слова Технические науки
653 Ключевые слова __
a Ключевые слова Детали машин и основы конструирования
653 Ключевые слова __
a Ключевые слова Основы технологии материалов
653 Ключевые слова __
a Ключевые слова Технология конструкционных материалов
653 Ключевые слова __
a Ключевые слова Материаловедение. Технология конструкционных материалов
653 Ключевые слова __
a Ключевые слова Материаловедение и технология конструкционных материалов
653 Ключевые слова __
a Ключевые слова Общее материаловедение и технологии материалов
653 Ключевые слова __
a Ключевые слова Размерный анализ и обеспечение точности
653 Ключевые слова __
a Ключевые слова Материаловедение и технология
653 Ключевые слова __
a Ключевые слова Технологии конструкционных материалов
653 Ключевые слова __
a Ключевые слова Материаловедение, технологии конструкционных материалов
653 Ключевые слова __
a Ключевые слова Технологическое обеспечение точности на основе размерного анализа
653 Ключевые слова __
a Ключевые слова Материаловедение и ТКМ
653 Ключевые слова __
a Ключевые слова Материаловедение и технология материалов
653 Ключевые слова __
a Ключевые слова Детали машин и конструирование
653 Ключевые слова __
a Ключевые слова Материаловедение и технология конструктивных материалов
653 Ключевые слова __
a Ключевые слова Сертификация материалов и технологий в материаловедении
653 Ключевые слова __
a Ключевые слова Детали машин и основы конструирование
653 Ключевые слова __
a Ключевые слова Размерная обработка материалов
653 Ключевые слова __
a Ключевые слова Технология конструкционных материалов и материаловедение
653 Ключевые слова __
a Ключевые слова Технология материалов и материаловедение
653 Ключевые слова __
a Ключевые слова Размерный анализ машиностроения
653 Ключевые слова __
a Ключевые слова Размерный анализ технологических процессов
653 Ключевые слова __
a Ключевые слова Общее материаловедение и технология материалов
653 Ключевые слова __
a Ключевые слова Моделирование размерных связей
653 Ключевые слова __
a Ключевые слова Нормирование размерных связей
653 Ключевые слова __
a Ключевые слова Размерный анализ
653 Ключевые слова __
a Ключевые слова Совершенствование методов размерной обработки материалов
653 Ключевые слова __
a Ключевые слова Детали машин и основы расчета машин
653 Ключевые слова __
a Ключевые слова Размерный анализ конструкций и технологий
653 Ключевые слова __
a Ключевые слова Точность и динамические характеристики средств связи
653 Ключевые слова __
a Ключевые слова Метрологические аспекты современного материаловедения
653 Ключевые слова __
a Ключевые слова Размерный анализ конструкций изделий
653 Ключевые слова __
a Ключевые слова Размерный анализ конструкций изделий в транспортных системах
653 Ключевые слова __
a Ключевые слова Механика. Детали машин и основы конструирования
653 Ключевые слова __
a Ключевые слова Детали машин с основами конструирования
653 Ключевые слова __
a Ключевые слова Материаловедение и ТМ
653 Ключевые слова __
a Ключевые слова Метрология, стандартизация и сертификация в прикладном материаловедении
653 Ключевые слова __
a Ключевые слова Стандартизация, сертификация и подтверждение соответствия в материаловедении
653 Ключевые слова __
a Ключевые слова Стандартизация и сертификация в материаловедении
653 Ключевые слова __
a Ключевые слова Размерный анализ машин
856 Электронный адрес документа 40
n Местонахождение сервера Юрайт
g Электронная книга
q Тип электронного формата html
h Имя пользователя ЮРАЙТ
v Часы доступа к ресурсу 20271231
2 Способ доступа Показать документ
x Служебное примечание https://urait.ru/book/cover/EDA14C89-3928-492D-B554-24EBF703B6D2
u URL https://urait.ru/bcode/561288
856 Электронный адрес документа 48
q Тип электронного формата cover
u URL https://urait.ru/book/cover/EDA14C89-3928-492D-B554-24EBF703B6D2
911 __
u 0030=https://urait.ru/bcode/561288
911 __
u 073a=9785534011555
u 073d=509.00
911 __
u 106a=s
911 __
u 900l=
952 Тип литературы __
i Дисциплина Детали машин и основы конструирования
952 Тип литературы __
i Дисциплина Основы технологии материалов
952 Тип литературы __
i Дисциплина Технология конструкционных материалов
952 Тип литературы __
i Дисциплина Материаловедение. Технология конструкционных материалов
952 Тип литературы __
i Дисциплина Материаловедение и технология конструкционных материалов
952 Тип литературы __
i Дисциплина Общее материаловедение и технологии материалов
952 Тип литературы __
i Дисциплина Размерный анализ и обеспечение точности
952 Тип литературы __
i Дисциплина Материаловедение и технология
952 Тип литературы __
i Дисциплина Технологии конструкционных материалов
952 Тип литературы __
i Дисциплина Материаловедение, технологии конструкционных материалов
952 Тип литературы __
i Дисциплина Технологическое обеспечение точности на основе размерного анализа
952 Тип литературы __
i Дисциплина Материаловедение и ТКМ
952 Тип литературы __
i Дисциплина Материаловедение и технология материалов
952 Тип литературы __
i Дисциплина Детали машин и конструирование
952 Тип литературы __
i Дисциплина Материаловедение и технология конструктивных материалов
952 Тип литературы __
i Дисциплина Сертификация материалов и технологий в материаловедении
952 Тип литературы __
i Дисциплина Детали машин и основы конструирование
952 Тип литературы __
i Дисциплина Размерная обработка материалов
952 Тип литературы __
i Дисциплина Технология конструкционных материалов и материаловедение
952 Тип литературы __
i Дисциплина Технология материалов и материаловедение
952 Тип литературы __
i Дисциплина Размерный анализ машиностроения
952 Тип литературы __
i Дисциплина Размерный анализ технологических процессов
952 Тип литературы __
i Дисциплина Общее материаловедение и технология материалов
952 Тип литературы __
i Дисциплина Моделирование размерных связей
952 Тип литературы __
i Дисциплина Нормирование размерных связей
952 Тип литературы __
i Дисциплина Размерный анализ
952 Тип литературы __
i Дисциплина Совершенствование методов размерной обработки материалов
952 Тип литературы __
i Дисциплина Детали машин и основы расчета машин
952 Тип литературы __
i Дисциплина Размерный анализ конструкций и технологий
952 Тип литературы __
i Дисциплина Точность и динамические характеристики средств связи
952 Тип литературы __
i Дисциплина Метрологические аспекты современного материаловедения
952 Тип литературы __
i Дисциплина Размерный анализ конструкций изделий
952 Тип литературы __
i Дисциплина Размерный анализ конструкций изделий в транспортных системах
952 Тип литературы __
i Дисциплина Механика. Детали машин и основы конструирования
952 Тип литературы __
i Дисциплина Детали машин с основами конструирования
952 Тип литературы __
i Дисциплина Материаловедение и ТМ
952 Тип литературы __
i Дисциплина Метрология, стандартизация и сертификация в прикладном материаловедении
952 Тип литературы __
i Дисциплина Стандартизация, сертификация и подтверждение соответствия в материаловедении
952 Тип литературы __
i Дисциплина Стандартизация и сертификация в материаловедении
952 Тип литературы __
i Дисциплина Размерный анализ машин